[Event "Women's World Team Chess Championship"]
[Site "Khanty-Mansiysk, RUS."]
[Date "2017.06.17"]
[Round "1.1"]
[White "Zatonskih Anna (USA)"]
[Black "Ushenina Anna (UKR)"]
[Result "1/2-1/2"]
[BlackElo "2458"]
[WhiteElo "2417"]
[LiveChessVersion "1.4.8"]

1. Nf3 {[%clk 1:30:52]} d5 {[%clk 1:29:36]} 2. d4 {[%clk 1:30:58]} Nf6
{[%clk 1:26:24]} 3. c4 {[%clk 1:29:52]} c6 {[%clk 1:26:50]} 4. cxd5
{[%clk 1:29:03]} cxd5 {[%clk 1:25:35]} 5. Nc3 {[%clk 1:29:24]} Nc6
{[%clk 1:26:00]} 6. Bf4 {[%clk 1:29:46]} Bf5 {[%clk 1:14:51]} 7. e3
{[%clk 1:27:42]} e6 {[%clk 1:15:14]} 8. Qb3 {[%clk 1:27:01]} Bb4 {[%clk 1:12:59]}
9. Ne5 {[%clk 1:24:37]} Qb6 {[%clk 0:55:27]} 10. Nxc6 {[%clk 0:53:31]} bxc6
{[%clk 0:54:50]} 11. Be2 {[%clk 0:50:41]} Ne4 {[%clk 0:33:25]} 12. f3
{[%clk 0:42:28]} Nxc3 {[%clk 0:31:39]} 13. bxc3 {[%clk 0:42:53]} Be7
{[%clk 0:31:46]} 14. c4 {[%clk 0:27:41]} dxc4 {[%clk 0:29:08]} 15. Bxc4
{[%clk 0:23:41]} O-O {[%clk 0:23:58]} 16. O-O {[%clk 0:23:12]} Bg6
{[%clk 0:19:32]} 17. Rfd1 {[%clk 0:19:10]} Rfe8 {[%clk 0:16:04]} 18. Rac1
{[%clk 0:17:10]} Bf6 {[%clk 0:06:52]} 19. Bf1 {[%clk 0:12:23]} Rac8
{[%clk 0:04:44]} 20. Bd6 {[%clk 0:05:50]} h6 {[%clk 0:02:48]} 21. Qa3
{[%clk 0:03:18]} a5 {[%clk 0:02:08]} 22. Qc5 {[%clk 0:02:51]} Qb2
{[%clk 0:01:05]} 23. Qxa5 {[%clk 0:01:03]} Ra8 {[%clk 0:00:58]} 24. Qd2
{[%clk 0:01:18]} Rxa2 {[%clk 0:00:55]} 25. Qxb2 Rxb2 {[%clk 0:01:24]} 26. Rxc6
{[%clk 0:01:16]} Rd8 {[%clk 0:01:34]} 27. Rdc1 {[%clk 0:00:55]} Kh7
{[%clk 0:01:49]} 28. Bf4 {[%clk 0:00:48]} Ra8 {[%clk 0:01:54]} 29. Ra6
{[%clk 0:01:06]} Re8 {[%clk 0:01:25]} 30. Rca1 {[%clk 0:01:13]} e5
{[%clk 0:01:12]} 31. Bxe5 {[%clk 0:00:51]} Bxe5 {[%clk 0:01:41]} 32. dxe5
{[%clk 0:01:18]} Rxe5 {[%clk 0:02:08]} 33. e4 {[%clk 0:01:29]} f5
{[%clk 0:01:19]} 34. exf5 {[%clk 0:01:33]} Bxf5 {[%clk 0:01:40]} 35. R6a2
{[%clk 0:01:00]} Rb3 {[%clk 0:00:55]} 36. Rd1 {[%clk 0:00:50]} Rb1
{[%clk 0:00:45]} 37. Rxb1 {[%clk 0:01:07]} Bxb1 {[%clk 0:01:14]} 38. Rb2
{[%clk 0:01:28]} Bg6 {[%clk 0:01:31]} 39. Kf2 {[%clk 0:01:40]} h5
{[%clk 0:01:16]} 40. h4 {[%clk 0:31:15]} Rc5 {[%clk 0:31:13]} 41. Rb4
{[%clk 0:29:05]} Rc2+ {[%clk 0:27:45]} 42. Kg3 {[%clk 0:24:34]} Rc5
{[%clk 0:22:21]} 43. Rd4 {[%clk 0:24:34]} Rc3 {[%clk 0:17:52]} 44. Bc4
{[%clk 0:24:10]} Ra3 {[%clk 0:16:51]} 45. Kf4 {[%clk 0:22:48]} Kh6
{[%clk 0:15:45]} 46. g4 {[%clk 0:19:23]} hxg4 {[%clk 0:15:53]} 47. fxg4
{[%clk 0:19:52]} Ra5 {[%clk 0:12:21]} 48. Bd5 {[%clk 0:10:47]} Bc2
{[%clk 0:07:04]} 49. g5+ {[%clk 0:05:08]} Kh5 {[%clk 0:05:40]} 50. Kg3
{[%clk 0:04:14]} Kg6 {[%clk 0:04:48]} 51. Bf3 {[%clk 0:01:13]} Kh7
{[%clk 0:04:52]} 52. Rd2 {[%clk 0:01:11]} Bb1 {[%clk 0:05:00]} 53. Rd6
{[%clk 0:00:53]} g6 {[%clk 0:04:09]} 54. Rd7+ {[%clk 0:01:08]} Kh8
{[%clk 0:04:23]} 55. Rd8+ {[%clk 0:01:10]} Kg7 {[%clk 0:04:44]} 56. Rd7+
{[%clk 0:01:38]} Kh8 {[%clk 0:05:09]} 57. Rc7 {[%clk 0:01:25]} Kg8
{[%clk 0:04:31]} 58. Rc8+ {[%clk 0:01:02]} Kg7 {[%clk 0:04:55]} 59. Rc7+
{[%clk 0:01:30]} Kh8 {[%clk 0:05:16]} 60. Rc4 {[%clk 0:01:51]} Kg7
{[%clk 0:05:08]} 61. Rd4 {[%clk 0:01:48]} Ra7 {[%clk 0:04:34]} 62. Bg4
{[%clk 0:01:33]} Bc2 {[%clk 0:03:56]} 63. Bd7 {[%clk 0:01:41]} Ra3+
{[%clk 0:02:29]} 64. Kf4 {[%clk 0:01:53]} Rd3 {[%clk 0:01:57]} 65. Rxd3
{[%clk 0:01:36]} Bxd3 {[%clk 0:02:24]} 66. Bc6 {[%clk 0:01:59]} Bc2
{[%clk 0:02:49]} 67. Be4 {[%clk 0:02:25]} Bb3 {[%clk 0:03:14]} 68. Ke5
{[%clk 0:02:43]} Bd1 {[%clk 0:03:37]} 69. Bd5 {[%clk 0:02:57]} Bc2
{[%clk 0:04:03]} 70. Bc4 {[%clk 0:03:22]} 1/2-1/2

[Event "Women's World Team Chess Championship"]
[Site "Khanty-Mansiysk, RUS."]
[Date "2017.06.17"]
[Round "1.2"]
[White "Zhukova Natalia (UKR)"]
[Black "Foisor Sabina-Francesca (USA)"]
[Result "1/2-1/2"]
[BlackElo "2331"]
[WhiteElo "2449"]
[LiveChessVersion "1.4.8"]

1. c4 {[%clk 1:30:55]} e6 {[%clk 1:30:39]} 2. Nc3 {[%clk 1:31:14]} d5
{[%clk 1:30:56]} 3. d4 {[%clk 1:31:28]} Nf6 {[%clk 1:31:19]} 4. cxd5
{[%clk 1:31:08]} exd5 {[%clk 1:31:32]} 5. Bg5 {[%clk 1:31:26]} Be7
{[%clk 1:31:13]} 6. e3 {[%clk 1:31:34]} Nbd7 {[%clk 1:29:41]} 7. Bd3
{[%clk 1:31:44]} c6 {[%clk 1:29:20]} 8. Nge2 {[%clk 1:31:37]} h6 {[%clk 1:28:30]}
9. Bh4 {[%clk 1:31:59]} Nh5 {[%clk 1:26:48]} 10. Bxe7 {[%clk 1:32:10]} Qxe7
{[%clk 1:27:12]} 11. Qd2 {[%clk 1:32:18]} Nb6 {[%clk 1:26:30]} 12. f3
{[%clk 1:31:51]} Bd7 {[%clk 1:19:53]} 13. O-O {[%clk 1:29:16]} g6
{[%clk 1:12:23]} 14. e4 {[%clk 1:26:18]} Ng7 {[%clk 0:51:10]} 15. a4
{[%clk 1:18:32]} Rd8 {[%clk 0:31:34]} 16. a5 {[%clk 1:08:37]} Nc4
{[%clk 0:28:30]} 17. Bxc4 {[%clk 1:07:47]} dxc4 {[%clk 0:28:59]} 18. d5
{[%clk 1:07:47]} Be6 {[%clk 0:19:58]} 19. Qd4 {[%clk 0:40:10]} O-O
{[%clk 0:20:24]} 20. Qxc4 {[%clk 0:40:19]} cxd5 {[%clk 0:19:57]} 21. exd5
{[%clk 0:40:28]} Rc8 {[%clk 0:09:18]} 22. Qd4 {[%clk 0:35:18]} Rfd8
{[%clk 0:04:47]} 23. Ng3 {[%clk 0:30:16]} f5 {[%clk 0:01:20]} 24. Qe3
{[%clk 0:09:08]} Qd6 {[%clk 0:01:49]} 25. Qxa7 {[%clk 0:01:45]} Bxd5
{[%clk 0:02:06]} 26. Rad1 {[%clk 0:02:00]} Qc6 {[%clk 0:01:04]} 27. Nge2
{[%clk 0:00:45]} Bc4 {[%clk 0:01:03]} 28. Rfe1 {[%clk 0:00:37]} Rxd1
{[%clk 0:00:57]} 29. Rxd1 {[%clk 0:00:46]} Bxe2 {[%clk 0:00:51]} 30. Nxe2
{[%clk 0:01:14]} Qc5+ {[%clk 0:00:38]} 31. Qxc5 {[%clk 0:01:41]} Rxc5
{[%clk 0:01:02]} 32. Rd8+ {[%clk 0:00:55]} Kf7 {[%clk 0:01:04]} 33. Rd7+
{[%clk 0:00:51]} Kf6 {[%clk 0:01:25]} 34. Rxb7 {[%clk 0:00:37]} Rxa5
{[%clk 0:01:49]} 35. Nc3 {[%clk 0:00:34]} Ne6 {[%clk 0:01:45]} 36. Rb6
{[%clk 0:00:33]} g5 {[%clk 0:01:23]} 37. Kf2 {[%clk 0:00:47]} Ra1
{[%clk 0:01:01]} 38. h4 {[%clk 0:00:53]} Rh1 {[%clk 0:00:59]} 39. hxg5+ hxg5
{[%clk 0:01:28]} 40. Ne2 {[%clk 0:30:51]} Rd1 {[%clk 0:30:49]} 41. b4
{[%clk 0:16:54]} Ke5 {[%clk 0:25:33]} 42. g3 {[%clk 0:15:31]} f4 {[%clk 0:20:55]}
43. Rb5+ {[%clk 0:10:18]} Kd6 {[%clk 0:18:49]} 44. Rb6+ {[%clk 0:05:01]} Ke5
{[%clk 0:18:58]} 45. Rb5+ {[%clk 0:04:22]} Kd6 {[%clk 0:19:27]} 46. Rb6+
{[%clk 0:01:51]} 1/2-1/2

[Event "Women's World Team Chess Championship"]
[Site "Khanty-Mansiysk, RUS."]
[Date "2017.06.17"]
[Round "1.3"]
[White "Nemcova Katerina (USA)"]
[Black "Gaponenko Inna (UKR)"]
[Result "1/2-1/2"]
[BlackElo "2428"]
[WhiteElo "2313"]
[LiveChessVersion "1.4.8"]

1. d4 {[%clk 1:30:55]} Nf6 {[%clk 1:30:51]} 2. Bf4 {[%clk 1:31:13]} g6
{[%clk 1:29:51]} 3. Nc3 {[%clk 1:31:32]} d5 {[%clk 1:25:26]} 4. e3
{[%clk 1:31:11]} c6 {[%clk 1:21:02]} 5. h4 {[%clk 1:26:35]} Bg7 {[%clk 1:12:35]}
6. Nf3 {[%clk 1:19:12]} Bg4 {[%clk 0:47:39]} 7. Be2 {[%clk 1:18:15]} Nbd7
{[%clk 0:47:15]} 8. Ne5 {[%clk 1:05:27]} Bxe2 {[%clk 0:46:54]} 9. Qxe2
{[%clk 1:05:29]} Nh5 {[%clk 0:45:09]} 10. Bh2 {[%clk 1:02:26]} f5
{[%clk 0:36:22]} 11. O-O-O {[%clk 0:38:35]} Nxe5 {[%clk 0:23:53]} 12. dxe5
{[%clk 0:35:54]} Qc7 {[%clk 0:23:56]} 13. f4 {[%clk 0:32:19]} O-O
{[%clk 0:21:48]} 14. g4 {[%clk 0:25:15]} fxg4 {[%clk 0:22:07]} 15. Qxg4
{[%clk 0:25:33]} Qc8 {[%clk 0:19:24]} 16. Qg2 {[%clk 0:24:55]} Qe6
{[%clk 0:15:11]} 17. Kb1 {[%clk 0:20:02]} Rad8 {[%clk 0:14:48]} 18. Ne2
{[%clk 0:17:51]} c5 {[%clk 0:09:54]} 19. Rd2 {[%clk 0:15:48]} Rd7
{[%clk 0:06:00]} 20. Rhd1 {[%clk 0:15:56]} Rfd8 {[%clk 0:06:15]} 21. Nc3
{[%clk 0:11:55]} d4 {[%clk 0:05:12]} 22. exd4 {[%clk 0:11:58]} cxd4
{[%clk 0:04:35]} 23. Ne2 {[%clk 0:11:36]} Qf7 {[%clk 0:00:45]} 24. Qe4
{[%clk 0:11:05]} e6 {[%clk 0:01:09]} 25. Bg1 {[%clk 0:06:05]} Bh6
{[%clk 0:01:06]} 26. Rxd4 {[%clk 0:04:04]} Nxf4 {[%clk 0:00:57]} 27. Nxf4
{[%clk 0:02:44]} Rxd4 {[%clk 0:01:08]} 28. Rxd4 {[%clk 0:01:50]} Rxd4
{[%clk 0:01:35]} 29. Qxd4 {[%clk 0:01:06]} Qxf4 {[%clk 0:01:33]} 30. a4
{[%clk 0:00:35]} Qc1+ {[%clk 0:01:01]} 31. Ka2 {[%clk 0:01:01]} Qxc2
{[%clk 0:01:28]} 32. Qxa7 {[%clk 0:01:04]} Qc4+ {[%clk 0:01:08]} 33. Ka1
{[%clk 0:01:03]} Qc1+ {[%clk 0:00:44]} 34. Ka2 {[%clk 0:01:30]} Qc4+
{[%clk 0:01:11]} 35. Ka1 {[%clk 0:01:57]} Qxh4 {[%clk 0:00:43]} 36. Bc5
{[%clk 0:01:52]} Qh1+ {[%clk 0:00:52]} 37. Ka2 {[%clk 0:02:19]} Qd5+
{[%clk 0:01:17]} 38. Ka1 {[%clk 0:02:43]} Qd1+ {[%clk 0:01:00]} 39. Ka2
{[%clk 0:03:09]} Qd5+ {[%clk 0:01:26]} 40. Ka1 {[%clk 0:33:29]} Kf7
{[%clk 0:30:40]} 41. Bd6 {[%clk 0:29:20]} Bf4 {[%clk 0:10:39]} 42. Qa8
{[%clk 0:22:06]} Qd1+ {[%clk 0:09:03]} 43. Ka2 {[%clk 0:22:32]} Qd5+
{[%clk 0:09:31]} 44. Ka3 {[%clk 0:19:26]} Qd3+ {[%clk 0:08:52]} 45. Ka2
{[%clk 0:19:44]} Qd5+ {[%clk 0:08:14]} 46. Ka3 {[%clk 0:20:07]} Qd3+
{[%clk 0:05:26]} 47. Ka2 {[%clk 0:19:53]} Qd5+ {[%clk 0:05:42]} 1/2-1/2

[Event "Women's World Team Chess Championship"]
[Site "Khanty-Mansiysk, RUS."]
[Date "2017.06.17"]
[Round "1.5"]
[White "Harika Dronavalli (IND)"]
[Black "Dzagnidze Nana (GEO)"]
[Result "1-0"]
[BlackElo "2533"]
[WhiteElo "2535"]
[LiveChessVersion "1.4.8"]

1. e4 {[%clk 1:30:54]} c5 {[%clk 1:30:48]} 2. Nf3 {[%clk 1:31:08]} d6
{[%clk 1:31:12]} 3. d4 {[%clk 1:31:30]} cxd4 {[%clk 1:31:36]} 4. Nxd4
{[%clk 1:31:52]} Nf6 {[%clk 1:31:58]} 5. Nc3 {[%clk 1:32:13]} a6 {[%clk 1:31:54]}
6. h3 {[%clk 1:29:46]} Nc6 {[%clk 1:30:29]} 7. g4 {[%clk 1:27:25]} Nxd4
{[%clk 1:26:26]} 8. Qxd4 {[%clk 1:26:50]} e5 {[%clk 1:26:13]} 9. Qd3
{[%clk 1:11:05]} Be6 {[%clk 1:25:57]} 10. Bg2 {[%clk 1:11:18]} Rc8
{[%clk 1:23:53]} 11. Be3 {[%clk 1:06:41]} Be7 {[%clk 1:20:12]} 12. O-O-O
{[%clk 1:00:17]} Qa5 {[%clk 1:11:20]} 13. a3 {[%clk 0:51:26]} Nd7
{[%clk 0:56:58]} 14. Nd5 {[%clk 0:42:07]} Nc5 {[%clk 0:51:42]} 15. Qe2
{[%clk 0:37:10]} Bxd5 {[%clk 0:31:32]} 16. Rxd5 {[%clk 0:33:43]} O-O
{[%clk 0:31:31]} 17. Kb1 {[%clk 0:31:57]} Qa4 {[%clk 0:31:02]} 18. f3
{[%clk 0:15:18]} Ne6 {[%clk 0:28:15]} 19. Qd2 {[%clk 0:14:11]} Rfd8
{[%clk 0:22:44]} 20. Rd1 {[%clk 0:13:35]} h6 {[%clk 0:20:22]} 21. Bf1
{[%clk 0:12:15]} Bg5 {[%clk 0:20:00]} 22. Bxg5 {[%clk 0:08:37]} hxg5
{[%clk 0:15:31]} 23. c3 {[%clk 0:08:15]} Rc6 {[%clk 0:12:27]} 24. Ka2
{[%clk 0:04:18]} Rb6 {[%clk 0:08:54]} 25. b4 {[%clk 0:04:00]} Rc8
{[%clk 0:09:13]} 26. Rc1 {[%clk 0:01:30]} Qc6 {[%clk 0:04:28]} 27. Qb2
{[%clk 0:00:42]} Nf4 {[%clk 0:04:16]} 28. Rd2 {[%clk 0:01:02]} a5
{[%clk 0:03:51]} 29. b5 {[%clk 0:01:05]} Qc5 {[%clk 0:04:17]} 30. a4
{[%clk 0:00:51]} Qe3 {[%clk 0:03:37]} 31. c4 {[%clk 0:00:36]} Qxf3
{[%clk 0:03:29]} 32. Re1 {[%clk 0:00:55]} Qg3 {[%clk 0:01:13]} 33. Red1
{[%clk 0:00:58]} Ne6 {[%clk 0:01:14]} 34. Qa3 {[%clk 0:00:39]} Qf4
{[%clk 0:01:11]} 35. Qc3 {[%clk 0:00:33]} Ra8 {[%clk 0:00:43]} 36. Bd3
{[%clk 0:00:34]} Qg3 {[%clk 0:00:37]} 37. Kb2 {[%clk 0:00:44]} Qxh3
{[%clk 0:00:46]} 38. Rg1 {[%clk 0:00:47]} Nd4 {[%clk 0:00:47]} 39. Be2
{[%clk 0:00:35]} Qh2 {[%clk 0:00:40]} 40. Qe3 {[%clk 0:30:47]} Rc8
{[%clk 0:30:35]} 41. Rg3 {[%clk 0:23:38]} Qh6 {[%clk 0:15:33]} 42. Bf1
{[%clk 0:19:11]} Qf6 {[%clk 0:11:54]} 43. Rh3 {[%clk 0:12:43]} Re8
{[%clk 0:04:03]} 44. Rdh2 {[%clk 0:10:49]} Kf8 {[%clk 0:04:30]} 45. Rf2
{[%clk 0:10:45]} Qg6 {[%clk 0:04:54]} 46. Qd2 {[%clk 0:06:40]} d5
{[%clk 0:00:58]} 47. Qxa5 {[%clk 0:04:42]} dxc4 {[%clk 0:01:13]} 48. Bxc4
{[%clk 0:04:47]} f5 {[%clk 0:00:50]} 49. gxf5 {[%clk 0:04:12]} Qd6
{[%clk 0:01:19]} 50. f6 {[%clk 0:03:44]} Ne6 {[%clk 0:00:44]} 51. Rd2
{[%clk 0:02:58]} Qc5 {[%clk 0:00:49]} 52. Rh8+ {[%clk 0:02:34]} Kf7
{[%clk 0:01:18]} 53. Rxe8 {[%clk 0:02:27]} Qxc4 {[%clk 0:01:13]} 54. fxg7
{[%clk 0:02:05]} Nxg7 {[%clk 0:01:34]} 55. Red8 {[%clk 0:01:36]} Rf6
{[%clk 0:01:36]} 56. Qc3 {[%clk 0:01:20]} Qxe4 {[%clk 0:02:04]} 57. R8d7+
{[%clk 0:01:39]} Kg6 {[%clk 0:01:03]} 58. Qc2 {[%clk 0:02:05]} Qxc2+
{[%clk 0:01:29]} 59. Rxc2 {[%clk 0:02:26]} g4 {[%clk 0:01:50]} 60. Rxb7
{[%clk 0:02:12]} g3 {[%clk 0:02:14]} 61. Rd7 {[%clk 0:02:20]} e4 {[%clk 0:02:05]}
62. a5 {[%clk 0:00:40]} Rf5 {[%clk 0:00:38]} 63. b6 {[%clk 0:01:02]} Rxa5
{[%clk 0:01:04]} 64. b7 {[%clk 0:01:24]} Rb5+ {[%clk 0:01:22]} 65. Ka2
{[%clk 0:01:31]} e3 {[%clk 0:01:37]} 66. Rc6+ {[%clk 0:01:26]} Kh7
{[%clk 0:01:37]} 67. Rcc7 {[%clk 0:01:23]} e2 {[%clk 0:01:02]} 68. Rxg7+
{[%clk 0:01:35]} Kh6 {[%clk 0:01:31]} 69. Rh7+ {[%clk 0:01:56]} Kg6
{[%clk 0:01:58]} 70. Rh1 {[%clk 0:01:44]} g2 {[%clk 0:00:59]} 71. Rg1
{[%clk 0:02:08]} Kf6 {[%clk 0:01:20]} 72. Rc6+ {[%clk 0:02:20]} 1-0

[Event "Women's World Team Chess Championship"]
[Site "Khanty-Mansiysk, RUS."]
[Date "2017.06.17"]
[Round "1.6"]
[White "Javakhishvili Lela (GEO)"]
[Black "Karavade Eesha (IND)"]
[Result "1/2-1/2"]
[BlackElo "2388"]
[WhiteElo "2447"]
[LiveChessVersion "1.4.8"]

1. d4 {[%clk 1:30:56]} d5 {[%clk 1:30:30]} 2. c4 {[%clk 1:31:10]} c6
{[%clk 1:30:46]} 3. Nc3 {[%clk 1:30:14]} Nf6 {[%clk 1:30:55]} 4. e3
{[%clk 1:29:46]} e6 {[%clk 1:30:40]} 5. Nf3 {[%clk 1:30:10]} Nbd7
{[%clk 1:31:04]} 6. Qc2 {[%clk 1:30:34]} Bd6 {[%clk 1:31:15]} 7. b3
{[%clk 1:30:07]} O-O {[%clk 1:27:08]} 8. Be2 {[%clk 1:23:39]} b6 {[%clk 1:26:40]}
9. O-O {[%clk 1:22:48]} Bb7 {[%clk 1:26:53]} 10. Bb2 {[%clk 1:20:40]} Qe7
{[%clk 1:24:16]} 11. Rad1 {[%clk 1:18:50]} Rad8 {[%clk 1:15:16]} 12. Rfe1
{[%clk 1:17:44]} Rfe8 {[%clk 1:15:14]} 13. Bf1 {[%clk 1:10:44]} c5
{[%clk 1:08:14]} 14. cxd5 {[%clk 1:10:12]} exd5 {[%clk 1:08:31]} 15. g3
{[%clk 1:02:18]} Rc8 {[%clk 0:56:48]} 16. Bh3 {[%clk 0:48:03]} cxd4
{[%clk 0:50:15]} 17. exd4 {[%clk 0:43:48]} Ne4 {[%clk 0:39:05]} 18. Re3
{[%clk 0:39:38]} Bb4 {[%clk 0:34:32]} 19. Rc1 {[%clk 0:27:11]} Bxc3
{[%clk 0:19:44]} 20. Bxc3 {[%clk 0:27:27]} Rc7 {[%clk 0:19:47]} 21. Qd1
{[%clk 0:20:12]} Rec8 {[%clk 0:14:48]} 22. Bb2 {[%clk 0:20:19]} Rxc1
{[%clk 0:14:38]} 23. Bxc1 {[%clk 0:20:48]} Rc3 {[%clk 0:12:44]} 24. Kg2
{[%clk 0:11:32]} Rxe3 {[%clk 0:11:26]} 25. Bxe3 {[%clk 0:11:58]} Nb8
{[%clk 0:11:28]} 26. Ne5 {[%clk 0:10:53]} f6 {[%clk 0:09:51]} 27. Nd3
{[%clk 0:10:05]} Nd7 {[%clk 0:09:32]} 28. Qe1 {[%clk 0:04:55]} Nf8
{[%clk 0:09:24]} 29. Qb4 {[%clk 0:03:22]} Qxb4 {[%clk 0:08:31]} 30. Nxb4
{[%clk 0:03:50]} Kf7 {[%clk 0:08:49]} 31. f3 {[%clk 0:03:18]} Nd6
{[%clk 0:08:31]} 32. Kf2 {[%clk 0:02:12]} Ke7 {[%clk 0:04:15]} 33. a4
{[%clk 0:02:25]} Ne6 {[%clk 0:03:53]} 34. Ke2 {[%clk 0:01:22]} a5
{[%clk 0:02:15]} 35. Na2 {[%clk 0:01:42]} b5 {[%clk 0:01:25]} 36. axb5
{[%clk 0:00:38]} Nxb5 {[%clk 0:01:48]} 37. Bxe6 {[%clk 0:00:43]} Kxe6
{[%clk 0:02:11]} 38. Kd2 {[%clk 0:00:59]} Ba6 {[%clk 0:02:24]} 39. Nc1
{[%clk 0:00:52]} Na7 {[%clk 0:00:37]} 40. Nd3 {[%clk 0:30:52]} Bxd3
{[%clk 0:31:04]} 41. Kxd3 {[%clk 0:31:19]} Nc6 {[%clk 0:31:28]} 42. h4
{[%clk 0:25:27]} h5 {[%clk 0:27:21]} 43. g4 {[%clk 0:21:45]} g6 {[%clk 0:27:45]}
44. Bf4 {[%clk 0:19:46]} Kd7 {[%clk 0:28:07]} 45. Bh6 {[%clk 0:19:11]} Ke6
{[%clk 0:28:16]} 46. Bf4 {[%clk 0:19:00]} Kd7 {[%clk 0:28:39]} 47. Bh6
{[%clk 0:17:45]} Ke7 {[%clk 0:28:15]} 48. Be3 {[%clk 0:17:39]} Ke6
{[%clk 0:28:14]} 1/2-1/2

[Event "Women's World Team Chess Championship"]
[Site "Khanty-Mansiysk, RUS."]
[Date "2017.06.17"]
[Round "1.8"]
[White "Batsiashvili Nino (GEO)"]
[Black "Vijayalakshmi Subbaraman (IND)"]
[Result "1-0"]
[BlackElo "2375"]
[WhiteElo "2469"]
[LiveChessVersion "1.4.8"]

1. d4 {[%clk 1:30:57]} d5 {[%clk 1:30:44]} 2. Nf3 {[%clk 1:29:33]} Nf6
{[%clk 1:30:31]} 3. c4 {[%clk 1:24:53]} c6 {[%clk 1:30:33]} 4. Qc2
{[%clk 1:22:45]} dxc4 {[%clk 1:28:59]} 5. Qxc4 {[%clk 1:20:18]} Bg4
{[%clk 1:28:53]} 6. Nbd2 {[%clk 1:17:39]} e6 {[%clk 1:28:14]} 7. g3
{[%clk 1:17:22]} Nbd7 {[%clk 1:25:31]} 8. Bg2 {[%clk 1:16:56]} Be7
{[%clk 1:25:06]} 9. O-O {[%clk 1:16:49]} O-O {[%clk 1:24:50]} 10. Qb3
{[%clk 1:17:09]} Qb6 {[%clk 1:20:51]} 11. Nc4 {[%clk 1:16:28]} Qa6
{[%clk 1:13:53]} 12. Bd2 {[%clk 1:03:12]} Nb6 {[%clk 1:05:53]} 13. Rfc1
{[%clk 0:51:12]} Rfd8 {[%clk 0:58:04]} 14. e3 {[%clk 0:44:00]} Bf5
{[%clk 0:33:41]} 15. Ba5 {[%clk 0:34:19]} Rd5 {[%clk 0:31:53]} 16. Bxb6
{[%clk 0:25:08]} Rb5 {[%clk 0:32:05]} 17. Qd1 {[%clk 0:25:28]} axb6
{[%clk 0:32:19]} 18. Nfe5 {[%clk 0:20:51]} Be4 {[%clk 0:23:37]} 19. Bf1
{[%clk 0:19:24]} Qa7 {[%clk 0:22:42]} 20. a4 {[%clk 0:13:51]} Rd5
{[%clk 0:18:29]} 21. Qb3 {[%clk 0:13:58]} Bd8 {[%clk 0:16:32]} 22. Nd2
{[%clk 0:04:03]} Ra5 {[%clk 0:11:36]} 23. Nxe4 {[%clk 0:03:12]} Nxe4
{[%clk 0:12:00]} 24. Bg2 {[%clk 0:03:28]} Nf6 {[%clk 0:10:38]} 25. Qd3
{[%clk 0:01:00]} Rxa4 {[%clk 0:07:55]} 26. Rxa4 {[%clk 0:01:22]} Qxa4
{[%clk 0:08:20]} 27. Nxc6 {[%clk 0:01:42]} bxc6 {[%clk 0:07:04]} 28. Bxc6
{[%clk 0:02:11]} Qa6 {[%clk 0:06:14]} 29. Qxa6 {[%clk 0:02:14]} Rxa6
{[%clk 0:06:40]} 30. Bb7 {[%clk 0:02:42]} Ra7 {[%clk 0:06:45]} 31. Rc8
{[%clk 0:03:06]} Kf8 {[%clk 0:07:02]} 32. Rxd8+ {[%clk 0:01:17]} Ke7
{[%clk 0:07:25]} 33. Rb8 {[%clk 0:01:06]} Nd7 {[%clk 0:06:56]} 34. Rg8
{[%clk 0:01:29]} Rxb7 {[%clk 0:07:15]} 35. Rxg7 {[%clk 0:01:58]} Nf6
{[%clk 0:06:23]} 36. Rg5 {[%clk 0:02:23]} Rc7 {[%clk 0:04:34]} 37. Rb5
{[%clk 0:02:12]} Rc6 {[%clk 0:04:55]} 38. Kg2 {[%clk 0:01:45]} Kd6
{[%clk 0:04:28]} 39. Kf3 {[%clk 0:01:53]} Kc7 {[%clk 0:04:40]} 40. g4
{[%clk 0:31:36]} Rc2 {[%clk 0:34:30]} 41. h4 {[%clk 0:29:31]} Nd5
{[%clk 0:32:05]} 42. e4 {[%clk 0:27:31]} Kc6 {[%clk 0:31:30]} 43. Rb3
{[%clk 0:26:38]} Nc7 {[%clk 0:31:13]} 44. h5 {[%clk 0:22:05]} Nb5
{[%clk 0:29:25]} 45. Rb4 {[%clk 0:19:59]} Nd6 {[%clk 0:28:39]} 46. g5
{[%clk 0:05:19]} Rc4 {[%clk 0:24:49]} 47. Rxc4+ {[%clk 0:04:02]} Nxc4
{[%clk 0:25:13]} 48. b3 {[%clk 0:03:13]} Nd2+ {[%clk 0:20:29]} 49. Kf4
{[%clk 0:03:35]} Kd6 {[%clk 0:20:13]} 50. b4 {[%clk 0:03:52]} Nc4
{[%clk 0:19:23]} 51. d5 {[%clk 0:01:28]} b5 {[%clk 0:15:46]} 52. dxe6
{[%clk 0:01:08]} Kxe6 {[%clk 0:15:56]} 53. h6 {[%clk 0:00:55]} Ne5
{[%clk 0:04:33]} 54. Kg3 {[%clk 0:01:03]} Nc6 {[%clk 0:03:46]} 55. f4
{[%clk 0:01:21]} Ke7 {[%clk 0:03:31]} 56. f5 {[%clk 0:00:43]} Kf8
{[%clk 0:03:53]} 57. Kf4 {[%clk 0:00:39]} Nxb4 {[%clk 0:04:06]} 58. Ke5
{[%clk 0:00:51]} Na6 {[%clk 0:03:05]} 59. Kd5 {[%clk 0:01:06]} Kg8
{[%clk 0:02:51]} 60. e5 {[%clk 0:01:11]} b4 {[%clk 0:02:21]} 61. Kd6
{[%clk 0:00:47]} Kf8 {[%clk 0:01:35]} 62. e6 {[%clk 0:01:05]} Nc7
{[%clk 0:00:41]} 63. Kxc7 {[%clk 0:01:19]} fxe6 {[%clk 0:01:00]} 64. g6
{[%clk 0:01:38]} hxg6 {[%clk 0:01:17]} 65. h7 {[%clk 0:02:00]} Kg7
{[%clk 0:01:44]} 66. fxe6 {[%clk 0:02:25]} 1-0